000
00261nam a22001097a 4500
008
160523b xxu||||| |||| 00| 0 eng d
020
_a
0393979830
041
_a
eng
080
_a
778.5
245
_a
Film analysis:
_c
Jeffrey Geiger; R. L. Rutsky;
942
_2
udc
_c
BK
999
_c
2411
_d
2411